<?xml version="1.0" encoding="UTF-8"?><?xml-stylesheet type="text/xsl" href="static/style.xsl"?><OAI-PMH xmlns="http://www.openarchives.org/OAI/2.0/" xmlns:xsi="http://www.w3.org/2001/XMLSchema-instance" xsi:schemaLocation="http://www.openarchives.org/OAI/2.0/ http://www.openarchives.org/OAI/2.0/OAI-PMH.xsd"><responseDate>2026-04-13T02:29:32Z</responseDate><request verb="GetRecord" identifier="oai:www.recercat.cat:20.500.14342/5498" metadataPrefix="marc">https://recercat.cat/oai/request</request><GetRecord><record><header><identifier>oai:recercat.cat:20.500.14342/5498</identifier><datestamp>2025-09-13T23:58:17Z</datestamp><setSpec>com_2072_482405</setSpec><setSpec>com_2072_183628</setSpec><setSpec>col_2072_482414</setSpec></header><metadata><record xmlns="http://www.loc.gov/MARC21/slim" xmlns:dcterms="http://purl.org/dc/terms/" xmlns:xsi="http://www.w3.org/2001/XMLSchema-instance" xmlns:doc="http://www.lyncode.com/xoai" xsi:schemaLocation="http://www.loc.gov/MARC21/slim http://www.loc.gov/standards/marcxml/schema/MARC21slim.xsd">
   <leader>00925njm 22002777a 4500</leader>
   <datafield ind2=" " ind1=" " tag="042">
      <subfield code="a">dc</subfield>
   </datafield>
   <datafield ind2=" " ind1=" " tag="720">
      <subfield code="a">Vega, Aitor</subfield>
      <subfield code="e">author</subfield>
   </datafield>
   <datafield ind2=" " ind1=" " tag="720">
      <subfield code="a">Planas, Antoni</subfield>
      <subfield code="e">author</subfield>
   </datafield>
   <datafield ind2=" " ind1=" " tag="720">
      <subfield code="a">Biarnés, Xevi</subfield>
      <subfield code="e">author</subfield>
   </datafield>
   <datafield ind2=" " ind1=" " tag="260">
      <subfield code="c">2025-08</subfield>
   </datafield>
   <datafield ind2=" " ind1=" " tag="520">
      <subfield code="a">The high catalytic efficiency of enzymes is attained, in part, by their capacity to stabilize electrostatically the transition state of the chemical reaction. High-throughput protocols for measuring this electrostatic contribution in computer-assisted enzyme design are limited. We present here an easy-to-compute metric that captures the electrostatic complementarity of the enzyme to the charge distribution of the substrate at the transition state. We demonstrate such a complementarity for a representative dataset of glycoside hydrolases, a large family of enzymes responsible for the hydrolytic cleavage of glycosidic bonds in oligosaccharides, polysaccharides, and glycoconjugates. We have implemented this metric in BindScan, a computer-based mutational analysis protocol to assist protein engineering. We demonstrate the predictive power of BindScan with this metric for two mechanistically distinct glycoside hydrolases: Spodoptera frugiperda β-glucosidase (Sfβgly, operates via protein nucleophile catalysis) and Bifidobacterium bifidum lacto-N-biosidase (BbLnbB, operates via substrate-assisted catalysis). The metric correctly predicts sequence positions sensible to the modulation of kcat/KM upon mutation from an experimental benchmark of 51 mutants of Sfβgly with 77% classification efficiency and identifies variants of BbLnbB with improved transglycosylation yields (up to 32%). Based on electrostatic potential and ligand affinity calculations, as implemented in BindScan, we propose a rational strategy to design glycoside hydrolase variants with improved transglycosylation efficiency for the synthesis of added-value glycoconjugates. The new reactivity metric may contribute to expanding the range of computational protocols available to assist enzyme engineering campaigns aimed at optimizing mechanistically relevant properties.</subfield>
   </datafield>
   <datafield ind1="8" ind2=" " tag="024">
      <subfield code="a">1742-4658</subfield>
   </datafield>
   <datafield ind1="8" ind2=" " tag="024">
      <subfield code="a">http://hdl.handle.net/20.500.14342/5498</subfield>
   </datafield>
   <datafield ind1="8" ind2=" " tag="024">
      <subfield code="a">https://doi.org/10.1111/febs.70121</subfield>
   </datafield>
   <datafield tag="653" ind2=" " ind1=" ">
      <subfield code="a">Binding affinity</subfield>
   </datafield>
   <datafield tag="653" ind2=" " ind1=" ">
      <subfield code="a">Computational protein engineering</subfield>
   </datafield>
   <datafield tag="653" ind2=" " ind1=" ">
      <subfield code="a">Electrostatic potential</subfield>
   </datafield>
   <datafield tag="653" ind2=" " ind1=" ">
      <subfield code="a">Glycoside hydrolases</subfield>
   </datafield>
   <datafield tag="653" ind2=" " ind1=" ">
      <subfield code="a">Tansglycosylation</subfield>
   </datafield>
   <datafield tag="653" ind2=" " ind1=" ">
      <subfield code="a">Biologia computacional</subfield>
   </datafield>
   <datafield tag="653" ind2=" " ind1=" ">
      <subfield code="a">Enzims</subfield>
   </datafield>
   <datafield tag="653" ind2=" " ind1=" ">
      <subfield code="a">Electroestàtica</subfield>
   </datafield>
   <datafield tag="653" ind2=" " ind1=" ">
      <subfield code="a">Glicòsids</subfield>
   </datafield>
   <datafield ind2="0" ind1="0" tag="245">
      <subfield code="a">Electrostatic potential as a reactivity scoring function in computer-assisted enzyme engineering</subfield>
   </datafield>
</record></metadata></record></GetRecord></OAI-PMH>